000 00759nam a2200229Ia 4500
001 16043
003 GE_BSU
008 181216s||||||||xx |||||||||||||| ||und||
040 _cGE_BSU
080 _a821.353.1-31
100 _aჯაფარიძე, რევაზ
245 _aჯარისკაცის ქვრივი
245 _bრომანი 2 წიგნად
245 _cრედ.ვ.ჯავახაძე. მხ. მხ.ი.ჯანაშვილი
260 _aთბილისი
260 _bსაბჭ. საქართველო
260 _c1964
300 _a650გვ. ; 22სმ.
653 _aრომანი
653 _aჯარისკაცის ქვრივი
942 _cBK
999 _c49133
_d49133